مكتبة جامعة عجلون الوطنية

فهرس بحث المكتبة

Normal view MARC view
  • العمل والعمال-قوانين وتشريعات

Entry Topical Term

Number of records used in: 1

001 - CONTROL NUMBER

  • control field: 46689

003 - CONTROL NUMBER IDENTIFIER

  • control field: JO-AjAnu

005 - DATE AND TIME OF LATEST TRANSACTION

  • control field: 20230606081720.0

008 - FIXED-LENGTH DATA ELEMENTS

  • fixed length control field: 230606|| aca||aabn | a|a d

040 ## - CATALOGING SOURCE

  • Original cataloging agency: JO-AjAnu
  • Transcribing agency: JO-AjAnu

150 ## - HEADING--TOPICAL TERM

  • Topical term or geographic name entry element: العمل والعمال-قوانين وتشريعات

670 ## - SOURCE DATA FOUND

  • Source citation: Work cat.: (JO-AjAnu)23898: هاشم، هشام رفعت, author 46688, شرح قانون العمل الاردني: تشريع -فقه-قضاء: دراسة مقارنة على النصوص والفقه والقضاء في الدول العربية